[Event "POL-chT3"]
[Site "Jastrzebia Gora POL"]
[Date "2016.09.06"]
[Round "4.63"]
[White "Puczylowski, Marcin"]
[Black "Maciaga, Marcin"]
[Result "0-1"]
[WhiteElo "2101"]
[BlackElo "2120"]
[EventDate "2016.09.02"]

1.e4 c5 2.Nf3 g6 3.c3 d5 4.exd5 Qxd5 5.d4 Bg7 6.Na3 cxd4 7.Nb5 Na6 8.Nbxd4
Nf6 9.Be3 O-O 10.Qb3 Nc5 11.Qxd5 Nxd5 12.Nc2 Nxe3 13.Nxe3 Rd8 14.Be2 Na4 
15.O-O Nxb2 16.Rac1 Na4 17.Nd4 Nxc3 18.Rxc3 Bxd4 19.Rc7 e6 20.Rfc1 Bb6 21.
R7c2 Bd7 22.Bf3 Ba4 23.Rb2 Rac8 24.Rcb1 Bxe3 25.fxe3 b6 26.h4 Bc6 27.Rc1 
Bxf3 28.Rxc8 Rxc8 29.gxf3 h5 30.Kf2 Kf8 31.Kg3 Ke7 32.Kf4 Kf6 33.Rb3 e5+ 
34.Kg3 Ke6 35.Ra3 Rc7 36.Kf2 Kf5 37.Kg3 f6 38.Rd3 Ke6 39.e4 b5 40.Ra3 Kf7 
41.Ra6 f5 42.exf5 gxf5 43.Kf2 f4 44.Ke2 Rc3 45.Rxa7+ Ke6 46.Ra5 b4 47.Ra4 
Re3+ 48.Kf2 Ra3 49.Rxb4 Rxa2+ 50.Kg1 Kd5 51.Kf1 Rc2 52.Re4 Rh2 53.Kg1 Rxh4
54.Ra4 Rh3 55.Kf2 Rh2+ 56.Kg1 Rc2 57.Ra8 Kd4 58.Rh8 Ke3 59.Rxh5 e4 60.fxe4
f3 61.Rh3 Rc1+ 62.Kh2 Rc2+ 63.Kg1 Rc8 64.Kh2 Rg8 65.e5 Ke2 66.e6 f2 0-1

[Event "POL-chT3"]
[Site "Jastrzebia Gora POL"]
[Date "2016.09.06"]
[Round "4.64"]
[White "Kowalec, Maciej"]
[Black "Kanarkiewicz, Michal"]
[Result "1/2-1/2"]
[WhiteElo "2100"]
[BlackElo "2016"]
[EventDate "2016.09.02"]

1.e4 e5 2.Nf3 Nc6 3.Bb5 f5 4.d3 fxe4 5.dxe4 Nf6 6.O-O Bc5 7.Qd3 d6 8.Qc4 
Bd7 9.Nc3 Qe7 10.Nd5 Nxd5 11.exd5 Nd4 12.Bxd7+ Qxd7 13.Nxd4 Bxd4 14.Be3 
Bxe3 15.fxe3 O-O-O 16.Rf2 Rdf8 17.Raf1 Rxf2 18.Rxf2 a6 19.Qf1 Qg4 20.Rf8+ 
Rxf8 21.Qxf8+ Kd7 22.Qf7+ Kd8 23.Qf8+ Kd7 24.Qf7+ Kd8 25.Qf8+ Kd7 26.Qf7+ 
Kd8 1/2-1/2

[Event "POL-chT3"]
[Site "Jastrzebia Gora POL"]
[Date "2016.09.06"]
[Round "4.65"]
[White "Zurkowski, Andrzej"]
[Black "Krasiewicz, Robert"]
[Result "1-0"]
[WhiteElo "2073"]
[BlackElo "2097"]
[EventDate "2016.09.02"]

1.d4 g6 2.e4 d6 3.f4 Bg7 4.Nf3 a6 5.a4 b6 6.Bc4 Bb7 7.Nc3 e6 8.d5 exd5 9.
Bxd5 Bxd5 10.Qxd5 Nd7 11.Ng5 Nh6 12.Be3 O-O 13.Bd4 Nf6 14.Qc6 Qe8 15.Qxe8 
Rfxe8 16.O-O-O Nh5 17.Nd5 Rac8 18.Rhe1 Ng4 19.h3 Ngf6 20.Nxf6+ Bxf6 21.
Bxf6 Nxf6 22.e5 Nh5 23.exd6 Rxe1 24.Rxe1 cxd6 25.Re4 h6 26.Nf3 Ng3 27.Rb4 
b5 28.axb5 axb5 29.Nd4 Rc4 30.Rxc4 bxc4 31.Kd2 Ne4+ 32.Ke3 Nc5 33.Nb5 d5 
34.Nc3 Kf8 35.Nxd5 Na4 36.b4 cxb3 37.cxb3 Nc5 38.b4 Nb7 39.Ke4 Nd6+ 40.Ke5
Nb5 41.g4 Ke8 42.Kf6 Nd6 43.Kg7 Kd7 44.Kxh6 Ne4 45.b5 Kd6 46.b6 Kc6 47.Kg7
Nd6 48.Nf6 Kxb6 49.Nd7+ Kc7 50.Ne5 Ne4 51.h4 f6 52.Nxg6 Nf2 53.h5 Nxg4 54.
h6 1-0

[Event "POL-chT3"]
[Site "Jastrzebia Gora POL"]
[Date "2016.09.06"]
[Round "4.66"]
[White "Gluszko, Monika"]
[Black "Murawko, Katarzyna"]
[Result "1/2-1/2"]
[WhiteElo "1923"]
[BlackElo "2031"]
[EventDate "2016.09.02"]

1.e4 c5 2.Nf3 Nc6 3.c3 d5 4.e5 a6 5.d4 Bg4 6.Be2 e6 7.O-O Qb6 8.Nbd2 Be7 
9.Nb3 c4 10.Nbd2 Qa5 11.Re1 h5 12.Nf1 Bf5 13.Ng3 Bg6 14.Ng5 h4 15.Nh5 Bf8 
16.Nf4 Bf5 17.g4 hxg3 18.fxg3 Be7 19.Nh5 Bxg5 20.Bxg5 Rh7 21.Rf1 Nge7 22.
g4 Bg6 23.Nf4 Be4 24.Qe1 b5 25.Qg3 O-O-O 26.Bxe7 Nxe7 27.Nh3 Rdh8 28.Ng5 
Rxh2 29.Qxh2 Rxh2 30.Kxh2 Bg6 31.Nxf7 b4 32.Nd6+ Kc7 33.Rfc1 Qb6 34.Kg3 
bxc3 35.bxc3 Qb2 36.Bf3 Nc6 37.Bd1 Qd2 38.Bf3 Qb2 39.Bd1 Qd2 40.Bf3 
1/2-1/2

[Event "POL-chT3"]
[Site "Jastrzebia Gora POL"]
[Date "2016.09.06"]
[Round "4.67"]
[White "Stanach, Fabian"]
[Black "Zakrzewski, Marek"]
[Result "0-1"]
[WhiteElo "2062"]
[BlackElo "2233"]
[EventDate "2016.09.02"]

1.d4 Nf6 2.Nf3 e6 3.c4 Bb4+ 4.Bd2 a5 5.g3 d6 6.Bg2 Nbd7 7.O-O e5 8.a3 Bxd2
9.Qxd2 exd4 10.Nxd4 O-O 11.b3 Ne5 12.Qc2 c6 13.Nc3 Re8 14.Rad1 Qc7 15.Rd2 
Bd7 16.Rfd1 Rad8 17.Ne4 Nxe4 18.Bxe4 g6 19.Bg2 Bc8 20.h3 Qb6 21.Qc3 Qc5 
22.f4 f6 23.Kh2 Nf7 24.b4 axb4 25.axb4 Qh5 26.e4 Bg4 27.Ra1 g5 28.Rf2 Bxh3
29.Bxh3 g4 30.Nf5 Re6 31.Kh1 Nh6 32.Rh2 gxh3 33.g4 Nxg4 34.Rg1 Kh8 35.Qf3 
Rg8 36.Ng3 Qh4 37.Nf5 Qh5 38.Ng3 Qh6 39.Nf5 Qg6 40.Rxh3 Rxe4 41.Nxd6 Re7 
42.Rh4 Ne5 43.Rxg6 Nxf3 44.Rxg8+ Kxg8 45.Rg4+ Kf8 46.Kg2 Ne1+ 47.Kg3 Nc2 
48.b5 Ne3 49.bxc6 bxc6 50.Rh4 Rd7 51.Kf3 Rxd6 52.Kxe3 Re6+ 53.Kd4 Kg7 54.
Rg4+ Kf7 55.Kc5 h5 56.Rg1 Re4 57.f5 Rf4 58.Rh1 h4 59.Rc1 Rxf5+ 60.Kxc6 Ke6
61.c5 h3 62.Kc7 Rh5 63.c6 Rh8 64.Rh1 Kf5 65.Rf1+ Kg5 66.Kd7 h2 67.c7 Kg4 
68.Rxf6 h1=Q 69.c8=Q Rxc8 70.Kxc8 Qh8+ 0-1

[Event "POL-chT3"]
[Site "Jastrzebia Gora POL"]
[Date "2016.09.06"]
[Round "4.68"]
[White "Niekras, Dawid"]
[Black "Kudas, Damian"]
[Result "1/2-1/2"]
[WhiteElo "2326"]
[BlackElo "2135"]
[EventDate "2016.09.02"]

1.e4 c5 2.Nf3 d6 3.d4 cxd4 4.Nxd4 Nf6 5.Nc3 Nc6 6.Bc4 e5 7.Nf5 Bxf5 8.exf5
Be7 9.O-O O-O 10.Nd5 Nd4 11.Qd3 Rc8 12.c3 Nxf5 13.Nxf6+ Bxf6 14.Bxf7+ Rxf7
15.Qxf5 d5 16.Be3 d4 17.Rad1 Rd7 18.cxd4 exd4 19.Qd3 Qb6 20.Bc1 Qe6 21.a3 
Qc4 22.Bf4 Qxd3 23.Rxd3 Re7 24.Rfd1 Re2 25.Bd2 Rc2 26.Kf1 Re6 27.b3 Kf7 
28.Rc1 Rxc1+ 29.Bxc1 Rc6 30.Bb2 Rd6 31.Ke2 Ke6 32.Kd2 Kd5 33.Rf3 Rb6 34.
Kc2 Ke4 35.Rg3 h6 36.Rg4+ Kd5 37.Rg3 Ke4 38.Rg4+ Kd5 1/2-1/2

[Event "POL-chT3"]
[Site "Jastrzebia Gora POL"]
[Date "2016.09.06"]
[Round "4.69"]
[White "Adamowicz, Katarzyna"]
[Black "Bajerlein, Dawid"]
[Result "1-0"]
[WhiteElo "2173"]
[BlackElo "2104"]
[EventDate "2016.09.02"]

1.e4 c6 2.d4 d5 3.e5 Bf5 4.Nc3 e6 5.g4 Bg6 6.Nge2 f6 7.Nf4 fxe5 8.Nxg6 
hxg6 9.dxe5 Nd7 10.Bf4 g5 11.Bg3 Qc7 12.Qd2 Be7 13.O-O-O Nh6 14.Ne2 Nf7 
15.Nd4 Rh6 16.Bg2 Ndxe5 17.Rhe1 Bd6 18.h4 gxh4 19.g5 Rg6 20.Bxh4 O-O-O 21.
Qe2 Re8 22.f4 Nc4 23.f5 Bf4+ 24.Kb1 Rxg5 25.Bxg5 Nxg5 26.fxe6 Kb8 27.Rd3 
Qb6 28.b3 Ne5 29.Rdd1 Nxe6 30.Nf3 Nc4 31.Bh3 Ne3 32.Bxe6 Rxe6 33.Rd4 g5 
34.c4 Qc7 35.cxd5 cxd5 36.Rxd5 Qh7+ 37.Qd3 Qxd3+ 38.Rxd3 g4 39.Nd2 Re5 40.
Nf1 Nxf1 41.Rxf1 Re4 42.Rd7 g3 43.Rg7 Rd4 44.Re1 a6 45.Re8+ Ka7 46.Ree7 
Rb4 47.Kc2 Rb5 48.Kd3 Bd6 49.Rd7 Be5 50.Rg5 Rc5 51.Ke4 Bd6 52.Rgg7 Be5 53.
Rxb7+ Ka8 54.Ra7+ Kb8 55.Rgb7+ Kc8 56.Re7 Kb8 57.Rxa6 Bc7 58.Rg6 Rc3 59.
Kd4 1-0

[Event "POL-chT3"]
[Site "Jastrzebia Gora POL"]
[Date "2016.09.06"]
[Round "4.70"]
[White "Bernat, Marcin"]
[Black "Lach, Piotr"]
[Result "1-0"]
[WhiteElo "2068"]
[BlackElo "2135"]
[EventDate "2016.09.02"]

1.d4 Nf6 2.c4 e6 3.Nc3 Bb4 4.e3 O-O 5.Ne2 d5 6.a3 Be7 7.Nf4 c6 8.Bd3 Nbd7 
9.cxd5 exd5 10.O-O Re8 11.Bd2 Nf8 12.Re1 Ne6 13.Nxe6 Bxe6 14.f3 Bd6 15.Re2
h5 16.Be1 Qc7 17.h3 Rad8 18.Bh4 Be7 19.Qe1 a6 20.Rd1 c5 21.Bb1 b5 22.Kh1 
b4 23.axb4 cxb4 24.Na2 a5 25.Nc1 Nh7 26.Nd3 g5 27.Bg3 Qb7 28.Nc5 Bxc5 29.
dxc5 Qb5 30.Rc1 Rc8 31.Bd6 Rc6 32.Qd2 f5 33.Ree1 Kf7 34.e4 dxe4 35.fxe4 f4
36.e5 Nf8 37.Bd3 Qb7 38.Qe2 g4 39.hxg4 hxg4 40.Qe4 Kg8 41.Qxf4 Qg7 42.Bf5 
Bxf5 43.Qxf5 g3 44.Kg1 Ng6 45.Rc4 Rxd6 46.cxd6 Qa7+ 47.Kh1 Qh7+ 48.Qh3 
Rxe5 49.Qxh7+ Kxh7 50.Rxe5 Nxe5 51.Rc7+ Kg6 52.d7 Nf7 53.Rc8 1-0

[Event "POL-chT3"]
[Site "Jastrzebia Gora POL"]
[Date "2016.09.06"]
[Round "4.71"]
[White "Watorek, Marcin"]
[Black "Hemmerling, Jaroslaw"]
[Result "1-0"]
[WhiteElo "2111"]
[BlackElo "1903"]
[EventDate "2016.09.02"]

1.d4 d5 2.c4 c6 3.Nf3 Nf6 4.Nc3 e6 5.Bg5 h6 6.Bh4 dxc4 7.e4 g5 8.Bg3 b5 9.
Be2 b4 10.Na4 Nxe4 11.Be5 Nf6 12.Bxc4 Nbd7 13.O-O Be7 14.Qc2 Bb7 15.Rad1 
Qa5 16.Nc5 Nxc5 17.dxc5 Qxc5 18.Bd4 Qf5 19.Bd3 Qa5 20.Ne5 Rd8 21.Nc4 Qd5 
22.Bxf6 Bxf6 23.Be4 Qc5 24.Nd6+ Qxd6 25.Rxd6 Rxd6 26.Qc5 Kd7 27.Qxa7 Kc8 
28.Qc5 Rhd8 29.g3 Bxb2 30.Qxb4 Rd4 31.Qxb2 Rxe4 32.Rb1 Rd7 33.Qh8+ Kc7 34.
Qxh6 g4 35.Qf6 Red4 36.f3 gxf3 37.Qxf3 Rd2 38.a4 Kc8 39.Qe3 R2d3 40.Qb6 
Ra3 41.a5 Ra2 42.Rb2 Ra3 43.Kf2 f5 44.Qc5 Ra4 45.h4 Ra1 46.Re2 Rd5 47.Qf8+
Kc7 48.Qg7+ 1-0

[Event "POL-chT3"]
[Site "Jastrzebia Gora POL"]
[Date "2016.09.06"]
[Round "4.72"]
[White "Kupsik, Joanna"]
[Black "Chrzaszcz, Malvina"]
[Result "0-1"]
[WhiteElo "1719"]
[BlackElo "2050"]
[EventDate "2016.09.02"]

1.e4 c5 2.Nf3 d6 3.d4 cxd4 4.Nxd4 Nf6 5.Nc3 a6 6.Bg5 e6 7.f4 Nbd7 8.Qf3 
Qc7 9.O-O-O b5 10.g4 Bb7 11.Bxf6 Nxf6 12.g5 b4 13.Ncb5 axb5 14.Nxb5 Qb6 
15.gxf6 Rxa2 16.Bc4 Ra1+ 17.Kd2 Rxd1+ 18.Rxd1 gxf6 19.f5 Bc6 20.fxe6 Bh6+ 
21.Ke1 Bxb5 22.Bxb5+ Ke7 23.Bd3 fxe6 24.Ke2 b3 25.Rb1 bxc2 26.Bxc2 Rc8 27.
Bd3 Qb4 28.b3 Qd2+ 29.Kf1 Rg8 30.Qe2 Qc3 31.Qc2 Qa5 32.b4 Qa7 33.Qf2 Be3 
34.Qh4 Qa2 35.Qxh7+ Kf8 0-1

[Event "POL-chT3"]
[Site "Jastrzebia Gora POL"]
[Date "2016.09.06"]
[Round "4.73"]
[White "Shkapenko, Pavel"]
[Black "Sapis, Witalis"]
[Result "1/2-1/2"]
[WhiteElo "2418"]
[BlackElo "2389"]
[EventDate "2016.09.02"]

1.e4 c6 2.d4 d5 3.e5 c5 4.dxc5 Nc6 5.a3 Nxe5 6.b4 a6 7.Bb2 Nc6 8.Nf3 Bg4 
9.Be2 Nf6 10.Nbd2 e6 11.O-O Be7 12.h3 Bh5 13.Ne5 Nxe5 14.Bxe5 Bg6 15.c4 
O-O 16.cxd5 Nxd5 17.Nc4 Bf6 18.Qd4 Bxe5 19.Qxe5 Qe8 20.Rfe1 Rd8 21.Bf3 Bc2
22.Rac1 Ba4 23.Nd6 Qc6 24.Bxd5 exd5 25.Nf5 Qf6 26.Qxf6 gxf6 27.Re3 Rfe8 
28.Nd6 Rxe3 29.fxe3 Bc6 30.Rf1 Kg7 31.Rf4 h5 32.Kf2 Rb8 33.Kg3 Kg6 34.Kh4 
Bd7 35.Rf2 f5 36.Kg3 Kf6 37.Kf4 b6 38.Rc2 bxc5 39.Rxc5 Rg8 40.Rc2 h4 41.
Kf3 Rg3+ 1/2-1/2

[Event "POL-chT3"]
[Site "Jastrzebia Gora POL"]
[Date "2016.09.06"]
[Round "4.74"]
[White "Karwowski, Kacper"]
[Black "Bartel, Michal"]
[Result "1/2-1/2"]
[WhiteElo "2245"]
[BlackElo "2375"]
[EventDate "2016.09.02"]

1.d4 Nf6 2.Nf3 e6 3.Bg5 h6 4.Bxf6 Qxf6 5.e4 d6 6.Be2 e5 7.Nc3 c6 8.h3 Be7 
9.O-O Nd7 10.Qd2 Nf8 11.Rad1 Ng6 12.Nh2 h5 13.Bc4 Nf4 14.Ne2 Nxe2+ 15.Qxe2
g5 16.Qf3 g4 17.Qxf6 Bxf6 18.hxg4 hxg4 19.c3 Ke7 20.g3 Bd7 21.Kg2 Rag8 22.
Rh1 Bc8 23.d5 b5 24.Bb3 Bd7 25.Nf1 Rxh1 26.Kxh1 Bg5 27.Ne3 Bxe3 28.fxe3 
cxd5 29.Bxd5 a6 30.Kg2 Rh8 31.Rh1 Rxh1 32.Kxh1 Be6 33.Kg2 Bxd5 34.exd5 e4 
35.Kf2 Kf6 36.b3 Ke5 37.c4 Kf6 38.Ke2 Ke7 39.Kd2 b4 1/2-1/2

[Event "POL-chT3"]
[Site "Jastrzebia Gora POL"]
[Date "2016.09.06"]
[Round "4.75"]
[White "Mickiewicz, Piotr"]
[Black "Rudnicki, Milosz"]
[Result "1-0"]
[WhiteElo "2331"]
[BlackElo "2199"]
[EventDate "2016.09.02"]

1.e4 c5 2.Nc3 Nc6 3.Nf3 g6 4.d4 cxd4 5.Nxd4 Bg7 6.Be3 Nf6 7.Bc4 O-O 8.Bb3 
a5 9.a4 d6 10.f3 Bd7 11.Qd2 Rc8 12.O-O-O Ne5 13.Kb1 Nc4 14.Bxc4 Rxc4 15.b3
Rc8 16.g4 Qc7 17.Ndb5 Bxb5 18.Nxb5 Qd8 19.h4 h5 20.gxh5 Nxh5 21.Rhg1 Kh7 
22.f4 f5 23.Rg5 Bh6 24.exf5 Rxf5 25.Rxf5 gxf5 26.Qd5 Qd7 27.Qf7+ Ng7 28.
Rxd6 Qe8 29.Qxe8 Rxe8 30.Rd7 e5 31.Nd6 Re6 32.Nxf5 exf4 33.Nxg7 Bxg7 34.
Bd4 Rg6 35.Kc1 f3 36.Kd1 1-0

[Event "POL-chT3"]
[Site "Jastrzebia Gora POL"]
[Date "2016.09.06"]
[Round "4.76"]
[White "Wacior, Maciej"]
[Black "Czajkowski, Adam"]
[Result "0-1"]
[WhiteElo "1986"]
[BlackElo "2260"]
[EventDate "2016.09.02"]

1.d4 Nf6 2.Nf3 g6 3.Bf4 Bg7 4.e3 d6 5.h3 O-O 6.Bc4 c5 7.c3 a6 8.a4 b6 9.
O-O Bb7 10.Nbd2 Nbd7 11.Bh2 Re8 12.Qb3 d5 13.Be2 c4 14.Qc2 b5 15.b3 Bc6 
16.axb5 axb5 17.bxc4 bxc4 18.e4 dxe4 19.Ne5 Nxe5 20.Bxe5 Bh6 21.Bxc4 e3 
22.fxe3 Bxe3+ 23.Kh2 Rxa1 24.Rxa1 e6 25.Rf1 Ng4+ 0-1

[Event "POL-chT3"]
[Site "Jastrzebia Gora POL"]
[Date "2016.09.06"]
[Round "4.77"]
[White "Barwinski, Dionizy"]
[Black "Gosciniak, Tomasz"]
[Result "1-0"]
[WhiteElo "2049"]
[BlackElo "1949"]
[EventDate "2016.09.02"]

1.d4 d5 2.Nf3 Nf6 3.c4 dxc4 4.Nc3 Bf5 5.e3 e6 6.Bxc4 Be7 7.Qb3 b6 8.O-O 
O-O 9.Nh4 Bg4 10.h3 Bh5 11.f4 Nc6 12.Be2 Bxe2 13.Nxe2 Na5 14.Qd3 c5 15.Bd2
Nb7 16.Nf3 cxd4 17.Nexd4 Nc5 18.Qb1 Nce4 19.Rd1 Rc8 20.Be1 Qc7 21.Qd3 Rfd8
22.Bh4 Nc5 23.Qe2 Nd5 24.Bxe7 Qxe7 25.Ne5 Qe8 26.Qf3 f6 27.Nd3 Nxd3 28.
Rxd3 Nb4 29.Rad1 e5 30.fxe5 Qxe5 31.a3 Nd5 32.Nf5 g6 33.Rxd5 1-0

[Event "POL-chT3"]
[Site "Jastrzebia Gora POL"]
[Date "2016.09.06"]
[Round "4.78"]
[White "Gosciniak, Maria"]
[Black "Sosnowska, Elzbieta"]
[Result "1-0"]
[WhiteElo "2082"]
[BlackElo "1867"]
[EventDate "2016.09.02"]

1.b3 d5 2.Bb2 e6 3.e3 Nf6 4.f4 c5 5.Bb5+ Bd7 6.Bxd7+ Nbxd7 7.Nf3 Be7 8.O-O
O-O 9.d3 Qc7 10.Nbd2 d4 11.exd4 Qxf4 12.Ne5 Qe3+ 13.Kh1 Nxe5 14.dxe5 Nd5 
15.Ne4 Qh6 16.Qe2 Rae8 17.Rf3 f5 18.exf6 Bxf6 19.Bxf6 gxf6 20.Raf1 Kh8 21.
c4 b6 22.Nd6 Nc3 23.Qe1 Rd8 24.Qxc3 Rxd6 25.Rxf6 Rxf6 26.Rxf6 Rxd3 27.Rf8#
1-0

[Event "POL-chT3"]
[Site "Jastrzebia Gora POL"]
[Date "2016.09.06"]
[Round "4.80"]
[White "Marszalek, Maciej"]
[Black "Zaskalski, Arkadiusz"]
[Result "1/2-1/2"]
[WhiteElo "2318"]
[BlackElo "2142"]
[EventDate "2016.09.02"]

1.Nf3 c5 2.c4 Nc6 3.e3 Nf6 4.Nc3 d5 5.cxd5 Nxd5 6.a3 Nxc3 7.bxc3 g6 8.Be2 
Bg7 9.O-O e5 10.e4 Be6 11.Rb1 Rb8 12.d3 O-O 13.Qc2 h6 14.a4 Qd7 15.Be3 b6 
16.Nd2 Rfd8 17.Rfd1 Kh7 18.Nf1 Rbc8 19.f3 Qe7 20.Bf2 Rd6 21.Ne3 Rcd8 22.g3
h5 23.Ng2 Bh6 24.Be3 Bxe3+ 25.Nxe3 h4 26.Bf1 hxg3 27.hxg3 Qg5 28.Qf2 Kg7 
29.Bg2 Rxd3 30.Rxd3 Rxd3 31.f4 Qd8 32.Nd5 Bxd5 33.exd5 Ne7 34.Be4 Rxc3 35.
fxe5 Nf5 36.Bxf5 Qg5 37.Bh3 Qxe5 38.Kh2 Re3 39.Bg2 Re2 40.Qf3 Rc2 41.Qf4 
Qe7 42.Rf1 1/2-1/2

[Event "POL-chT3"]
[Site "Jastrzebia Gora POL"]
[Date "2016.09.06"]
[Round "4.81"]
[White "Augustyn, Sebastian"]
[Black "Widla, Piotr"]
[Result "1-0"]
[WhiteElo "2116"]
[BlackElo "2016"]
[EventDate "2016.09.02"]

1.g3 c5 2.Bg2 e6 3.c4 Nf6 4.Nf3 Nc6 5.O-O Be7 6.Nc3 d5 7.cxd5 exd5 8.d4 c4
9.Ne5 O-O 10.b3 cxb3 11.Nxc6 bxc6 12.Qxb3 Qb6 13.Rd1 Qxb3 14.axb3 Bb4 15.
Na4 Bf5 16.Ba3 Rfb8 17.Rdc1 Bd2 18.Rxc6 Rxb3 19.Rxf6 gxf6 20.Bxd5 Rxa3 21.
Rxa3 Rd8 22.e4 Bg4 23.Nc5 a5 24.f3 Bb4 25.Rb3 Bd7 26.Kf2 Be8 27.Ke3 Rc8 
28.h4 Kg7 29.g4 h6 30.Rb1 Bxc5 31.dxc5 Rxc5 32.Rb8 Bd7 33.Rb7 Be8 34.Re7 
Kf8 35.Ra7 Rc3+ 36.Kf4 a4 37.Ra6 Kg7 38.Ra8 Bd7 39.Ra7 Be8 40.h5 a3 41.Kg3
Rd3 42.Kf2 Rc3 43.Ke2 Bb5+ 44.Kf2 Be8 45.Rb7 Rc2+ 46.Ke3 Rc3+ 47.Ke2 a2 
48.Ra7 Bb5+ 49.Kf2 Rc7 50.Rxa2 Bd7 51.Ke3 Rc3+ 52.Kf4 Rc7 53.Ra6 Bc8 54.
Rb6 Bd7 55.e5 fxe5+ 56.Kxe5 Ba4 57.Be4 Re7+ 58.Kf4 Rc7 59.g5 hxg5+ 60.Kxg5
Rc5+ 61.Bf5 Bd7 62.h6+ Kf8 63.Rf6 Be6 64.Kg4 Ke7 65.h7 Bxf5+ 66.Rxf5 Rc8 
67.Kh5 Rh8 68.Kh6 Ke6 69.Rg5 Rb8 70.Rg8 1-0

[Event "POL-chT3"]
[Site "Jastrzebia Gora POL"]
[Date "2016.09.06"]
[Round "4.82"]
[White "Popiol, Michal"]
[Black "Markiewicz, Mateusz"]
[Result "1-0"]
[WhiteElo "1959"]
[BlackElo "2044"]
[EventDate "2016.09.02"]

1.d4 d6 2.Nf3 Nc6 3.e4 e5 4.Bb5 Bd7 5.d5 Nce7 6.Bxd7+ Qxd7 7.O-O h6 8.Re1 
g5 9.c4 Bg7 10.Nc3 f5 11.exf5 Nxf5 12.Nd4 Nxd4 13.Qxd4 Ne7 14.Qd3 O-O 15.
Be3 Nf5 16.Rac1 Nh4 17.Qe4 g4 18.c5 dxc5 19.Red1 b6 20.b4 cxb4 21.Qxb4 Qf5
22.Nb5 e4 23.Rxc7 Nxg2 24.Bd4 Bh8 25.d6 Nf4 26.Qc4+ Qe6 27.Qxe6+ Nxe6 28.
Re7 Nxd4 29.Nxd4 Rfe8 30.Nc6 Rxe7 31.Nxe7+ Kf7 32.Nc6 Bf6 33.d7 Bd8 34.Rd6
h5 35.Rh6 Bc7 36.Rxh5 Ke6 37.Rh7 Kd6 38.Nxa7 Bd8 39.Nb5+ Kc5 40.Nc3 Kd4 
41.Nd1 Rxa2 42.Ne3 Ra7 43.Nxg4 Rb7 44.Ne3 b5 45.Rh5 b4 46.Rd5+ Kc3 47.Nd1+
Kb3 48.h4 Rb8 49.h5 Rb6 50.Kf1 Kc4 51.Ne3+ Kb3 52.Ke2 Ka4 53.Rd4 Kb5 54.
Rxe4 Rd6 55.Nc2 Rxd7 56.Rxb4+ Kc5 57.Rb3 Bg5 58.Rc3+ Kb6 59.Kf3 Rf7+ 60.
Kg2 Rh7 61.Rh3 Kc5 62.Ne1 Bh6 63.Nd3+ Kd4 64.Ne1 Rg7+ 65.Kf1 Ke4 66.f3+ 
Kf5 67.Ng2 Ra7 68.Nh4+ Kf4 69.Ng6+ Ke3 70.Kg2 Ra5 71.Kg3 Rg5+ 72.Kh4 Rg1 
73.Rg3 Ra1 74.Kg4 Rf1 75.f4+ Ke4 76.Rg2 Kd5 77.Kf5 Kd4 78.Re2 Rh1 79.Re4+ 
Kd5 80.Ne7+ Kd6 81.Kg6 Bf8 82.Nf5+ Kd7 83.h6 Ba3 84.Ng7 Bb2 85.f5 Rg1+ 86.
Kf7 Rh1 87.Re6 Rh2 88.Kg8 Rc2 89.h7 Rc8+ 90.Kf7 Rh8 91.Rh6 Ba3 92.Ne6 1-0

[Event "POL-chT3"]
[Site "Jastrzebia Gora POL"]
[Date "2016.09.06"]
[Round "4.83"]
[White "Tatarczany, Piotr"]
[Black "Szewczyk, Grzegorz"]
[Result "1/2-1/2"]
[WhiteElo "1528"]
[BlackElo "1953"]
[EventDate "2016.09.02"]

1.d4 Nf6 2.Nf3 e6 3.c4 d5 4.Nc3 Be7 5.Bf4 O-O 6.e3 b6 7.Bd3 Bb7 8.O-O c5 
9.Rc1 cxd4 10.Nxd4 dxc4 11.Bxc4 Nbd7 12.Bg3 Nc5 13.f3 Nd5 14.Bxd5 Bxd5 15.
b4 Na6 16.a3 Bc4 17.Re1 Qe8 18.Qc2 Rc8 19.Qe4 Bf6 20.Bd6 Be7 21.Bg3 Bf6 
22.Bd6 Be7 23.Bg3 Bf6 24.Bd6 Be7 25.Bg3 Bf6 1/2-1/2

[Event "POL-chT3"]
[Site "Jastrzebia Gora POL"]
[Date "2016.09.06"]
[Round "4.84"]
[White "Wesolowska, Hanna"]
[Black "Jalowiec, Halina"]
[Result "1/2-1/2"]
[WhiteElo "1890"]
[BlackElo "1932"]
[EventDate "2016.09.02"]

1.d4 d5 2.Nf3 Nf6 3.Bg5 e6 4.c3 Nbd7 5.Nbd2 c5 6.dxc5 Bxc5 7.e3 O-O 8.Be2 
Re8 9.O-O h6 10.Bxf6 Nxf6 11.Qb3 Qb6 12.Rfd1 Qxb3 13.Nxb3 Bb6 14.c4 dxc4 
15.Bxc4 e5 16.a4 a6 17.a5 Ba7 18.Nfd2 b5 19.axb6 Bxb6 20.h3 Bb7 21.Na5 Bc8
22.Be2 Bd7 23.Nac4 Ba5 24.Nxa5 Bb5 25.Bxb5 axb5 26.b4 Kf8 27.Rac1 Rac8 28.
Nb7 Rxc1 29.Rxc1 Rb8 30.Na5 Nd7 31.Kf1 f6 1/2-1/2

[Event "POL-chT3"]
[Site "Jastrzebia Gora POL"]
[Date "2016.09.06"]
[Round "4.85"]
[White "Pulik, Krzysztof"]
[Black "Banach, Szymon"]
[Result "1-0"]
[WhiteElo "2171"]
[BlackElo "1996"]
[EventDate "2016.09.02"]

1.e4 c6 2.d4 d5 3.exd5 cxd5 4.c4 Nf6 5.Nc3 g6 6.Qb3 Bg7 7.cxd5 O-O 8.Be2 
Re8 9.Bg5 Nbd7 10.Bf3 h6 11.Be3 Nb6 12.h3 e6 13.d6 Qxd6 14.Nge2 Nfd5 15.
O-O Qb4 16.Qxb4 Nxb4 17.Rad1 a6 18.Bf4 N4d5 19.Nxd5 Nxd5 20.Be5 Bd7 21.
Bxg7 Kxg7 22.Bxd5 exd5 23.Nc3 Bc6 24.Rfe1 Kf6 25.f3 Rac8 26.Kf2 Ra8 27.f4 
Kg7 28.g4 b5 29.a3 Rab8 30.Re5 f6 31.Rxe8 Rxe8 32.Rc1 Bb7 33.Nxb5 Rc8 34.
Rxc8 Bxc8 35.Nc7 Bb7 36.Ne6+ Kg8 37.Nc5 Bc8 38.Kf3 Kf7 39.h4 Ke7 40.g5 
hxg5 41.fxg5 fxg5 42.hxg5 Kd6 43.Kf4 a5 44.Nb3 Kc6 45.Ke5 Bf5 46.Nxa5+ Kb5
47.b4 Be4 48.Kd6 1-0

[Event "POL-chT3"]
[Site "Jastrzebia Gora POL"]
[Date "2016.09.06"]
[Round "4.86"]
[White "Nowak, Rafal"]
[Black "Lewtak, Dominik"]
[Result "0-1"]
[WhiteElo "2050"]
[BlackElo "2095"]
[EventDate "2016.09.02"]

1.e4 c5 2.Nf3 Nc6 3.Bb5 g6 4.Bxc6 bxc6 5.d3 Bg7 6.O-O Nh6 7.Nc3 O-O 8.Bf4 
f6 9.Qd2 Nf7 10.h3 d6 11.Nh2 e5 12.Be3 f5 13.exf5 Bxf5 14.Ng4 Rb8 15.Rab1 
Qe7 16.Ne4 c4 17.Ng5 cxd3 18.Nxf7 Qxf7 19.cxd3 Bxg4 20.hxg4 Qxa2 21.d4 
exd4 22.Bxd4 Qd5 23.Rfd1 Bxd4 24.Qxd4 Qxd4 25.Rxd4 d5 26.Ra4 Rf7 27.f3 Kf8
28.Kf2 Rb6 29.Ra5 Rfb7 30.Kg3 Ke7 31.Rba1 Rxb2 32.Rxa7 Kd6 33.Ra8 Rb8 34.
R8a7 R2b7 35.R7a6 Rb6 36.Ra7 R8b7 37.Ra8 Rd7 38.Rf8 d4 39.f4 d3 40.Kf3 Rb3
41.Re8 Kc5 42.Re3 Kb4 43.Rd1 d2 0-1

[Event "POL-chT3"]
[Site "Jastrzebia Gora POL"]
[Date "2016.09.06"]
[Round "4.87"]
[White "Wozniak, Maciej"]
[Black "Banach, Wieslaw"]
[Result "0-1"]
[WhiteElo "2075"]
[BlackElo "2038"]
[EventDate "2016.09.02"]

1.e4 c5 2.Nf3 Nc6 3.d4 cxd4 4.Nxd4 g6 5.c4 Bg7 6.Be3 Nf6 7.Nc3 d6 8.Be2 
O-O 9.O-O Qa5 10.f3 a6 11.Qd2 Re8 12.Rfd1 Bd7 13.a3 Rac8 14.b4 Qh5 15.Rac1
Nxd4 16.Bxd4 Bh6 17.Be3 Bxe3+ 18.Qxe3 Be6 19.Nd5 Bxd5 20.cxd5 Qe5 21.Rxc8 
Rxc8 22.Rc1 Rxc1+ 23.Qxc1 Nxd5 24.Bxa6 Nc3 25.Bf1 Qd4+ 26.Kh1 h5 27.h3 Kh7
28.Qc2 e6 29.Qd3 Qe5 30.Kg1 d5 31.f4 Qh8 32.e5 Ne4 33.Qc2 Qa8 34.Bd3 Qxa3 
35.Bxe4 Qe3+ 36.Qf2 Qxe4 37.Qh4 Qb1+ 38.Kh2 Qxb4 39.Qf6 Kg8 40.Kg3 Qf8 41.
Kf3 Qc8 42.g4 hxg4+ 43.Kxg4 b5 44.Qe7 Qf8 45.Qb7 Qc5 46.Qb8+ Kg7 47.Qd8 b4
48.Qf6+ Kg8 49.Qd8+ Qf8 50.Qb6 Kh7 51.Kg5 Qh6+ 52.Kg4 Qh5+ 53.Kg3 g5 54.
Qxb4 Qh4+ 55.Kg2 gxf4 56.Qf8 Qg3+ 57.Kf1 Qxh3+ 58.Ke1 Qg3+ 59.Kf1 Qg7 60.
Qb8 f3 61.Qb1+ Qg6 62.Qb2 Qg2+ 63.Qxg2 fxg2+ 64.Kxg2 0-1

[Event "POL-chT3"]
[Site "Jastrzebia Gora POL"]
[Date "2016.09.06"]
[Round "4.88"]
[White "Jozefczak, Andrzej"]
[Black "Bielawski, Michal"]
[Result "1/2-1/2"]
[WhiteElo "2035"]
[BlackElo "2021"]
[EventDate "2016.09.02"]

1.e4 d6 2.d4 Nf6 3.Bd3 g6 4.Ne2 Bg7 5.O-O e5 6.c3 O-O 7.h3 Nc6 8.Be3 d5 9.
f3 Re8 10.Nd2 exd4 11.cxd4 Nb4 12.Bb1 dxe4 13.fxe4 c5 14.a3 cxd4 15.Nxd4 
Ng4 16.hxg4 Bxd4 17.Nc4 Bxe3+ 18.Nxe3 Qxd1 19.Rxd1 Nc6 20.Nd5 Re5 21.Kf2 
Kg7 22.Kf3 Rg5 23.Ne3 f6 24.Kf4 Be6 25.Ba2 Bxa2 26.Rxa2 Ne5 27.b4 Rc8 28.
Rdd2 h5 29.gxh5 Rxh5 30.Rac2 Rh4+ 31.Kg3 Rxc2 32.Rxc2 Rxe4 33.Rc7+ Kh6 34.
Nd5 Kg5 35.Rxb7 Rd4 36.Nc7 Rd3+ 37.Kf2 Rxa3 38.Nb5 Ra4 39.Nxa7 Nd3+ 40.Kg3
Nxb4 41.Nb5 Nd3 42.Nd6 Rg4+ 43.Kh2 f5 44.Rb3 Rd4 45.Nb5 Rd7 46.Ra3 f4 47.
Nc3 Nf2 48.Kg1 Ng4 49.Ne4+ Kf5 50.Nf2 Nxf2 51.Kxf2 Kg4 52.Ra2 Kh4 53.Rb2 
g5 54.Ra2 Rd3 55.Rb2 g4 56.Ra2 g3+ 57.Ke2 Re3+ 58.Kf1 Kg4 59.Ra8 Rb3 60.
Rg8+ Kf5 61.Rf8+ Ke4 62.Re8+ Kd3 63.Rd8+ Ke3 64.Re8+ Kd2 65.Rd8+ Rd3 66.
Re8 Rd4 67.Re7 Kd3 68.Re8 Re4 69.Ra8 Rc4 70.Rd8+ Ke4 71.Re8+ Kf5 72.Rf8+ 
Kg6 73.Ke2 Rc2+ 74.Kf3 Rf2+ 75.Kg4 Rxg2 76.Rxf4 Rg1 77.Kh3 g2 78.Rg4+ 
1/2-1/2

[Event "POL-chT3"]
[Site "Jastrzebia Gora POL"]
[Date "2016.09.06"]
[Round "4.90"]
[White "Wilk, Oktawia"]
[Black "Krzyzanowska-zadlo, Lidia"]
[Result "0-1"]
[WhiteElo "1704"]
[BlackElo "1848"]
[EventDate "2016.09.02"]

1.e4 c6 2.d4 d5 3.exd5 cxd5 4.Bd3 Nf6 5.Bg5 Nc6 6.c3 Bg4 7.f3 Bh5 8.Ne2 
Bg6 9.Bxg6 hxg6 10.Qd3 e6 11.Nd2 a6 12.Nb3 Bd6 13.g3 Qc8 14.Bf4 Be7 15.g4 
b6 16.Bg3 Qd7 17.O-O-O a5 18.Qb5 a4 19.Nd2 Qb7 20.Kb1 Ra5 21.Qd3 b5 22.Rc1
Ra6 23.Rhe1 Na5 24.b4 axb3 25.axb3 Nc4 26.b4 Qa7 27.Nb3 Ra3 28.Na5 Bxb4 
29.Nxc4 bxc4 30.Qd2 Ra1+ 0-1